| 000 | 01140cam a22003257a 4500 | ||
|---|---|---|---|
| 003 | CHAP | ||
| 005 | 20220329140800.0 | ||
| 008 | 971013s1981 r 00010 d | ||
| 010 | _a57512 | ||
| 011 | _a58484 | ||
| 035 | _a62639 | ||
| 040 | _cCHAP | ||
| 090 | _aFolleto 14556 | ||
| 110 |
_aInstituto Mexicano del Café _959263 |
||
| 245 | 1 | 3 |
_aLa comercialización externa del café mexicano en el ciclo _c/por Instituto Mexicano del Café |
| 260 |
_aMéxico, D.F. : _bInstituto Mexicano del Café, _c1981-19 . |
||
| 300 |
_a40 p. _b; gráfs. |
||
| 500 | _aLa biblioteca tiene : 1980/81, 1981/82 | ||
| 590 |
_aBATCH-UPD _b10 _c20130110 _lUCH01 _h2030 |
||
| 590 |
_aBATCH-UPD _b10 _c20130410 _lUCH01 _h1347 |
||
| 590 |
_aBATCH-UPD _b10 _c20130914 _lUCH01 _h0811 |
||
| 590 |
_aCONVERSION _b10 _c20130109 _lUCH01 _h1331 |
||
| 650 | 1 | 4 |
_aCafé _xAspectos económicos _xMéxico. _917104 |
| 650 | 1 | 4 |
_aCafé _xEstadísticas. _917142 |
| 650 | 1 | 4 |
_aCafé _xMercadeo. _917169 |
| 901 | _aBK | ||
| 942 | _cFOLL | ||
| 949 |
_aFolleto 14556 _bBC _cFOLL _d-134204 _eTS1 _f1980-81 _i62639 _si |
||
| 949 |
_aFolleto 14556 _bBC _cFOLL _d626392 _eTS1 _f1981-82 _i62639 _sb |
||
| 999 |
_c57512 _d57512 |
||